| 000 | 00686nam a2200229Ia 4500 | ||
|---|---|---|---|
| 003 | GCL | ||
| 008 | 140319s9999 xx 000 0 ara d | ||
| 040 |
_aGCL / _cGCL |
||
| 082 | 0 | 4 |
_a320.96 _bل ث |
| 100 | 1 | _aليساريدس، باربره | |
| 245 | 1 | 0 |
_aثورة الادغال / _cليساريدس، باربره |
| 700 | 1 | _aعبدالوهاب الزانتانى | |
| 260 |
_a[S.N] : _bمؤسسة ناصر للثقافة ، _c1981 |
||
| 300 | _aبيروت | ||
| 490 | _a | ||
| 650 | 0 | 4 | _aالثورات |
| 650 | 0 | 4 | _aالاحوال السياسية |
| 650 | 0 | 4 | _aافريقيا |
| 650 | 0 | 4 | _aحركات التحرير |
| 650 | 0 | 4 | _aالاستعمار |
| 942 |
_2ddc _cBK |
||
| 999 |
_c28452 _d28452 |
||